000 00645cam a2200253 4500
001 B565
008 090401t1986 xxu||||| |||| 00| 0 eng d
035 _a(Sirsi) u36549
041 _aeng
050 _a693.97
100 _aEdwards, Marilyn J
245 _aWeatherproof joints in large panel systems :2 remedial measures
260 _aGarston,Watford
_bBRE
_c1986
300 _a(4)p. : ill. ; 30cm.
350 _a0
490 _aBRE Information Paper
_v9/86
650 _aBUILDING FAILURES
650 _aJOINTS
650 _aPREFABRICATION
650 _aREPAIRS
650 _aWEATHERPROOFING
942 _n0
948 _c04/03/1997
999 _c90326
_d90326